Statystyki dla Największe miasto w Kanadzie według prowincji z mapą

Kliknij tutaj aby rozwiązać quiz!

Ogólne statystyki

  • Ten quiz został rozwiązany 86 razy
  • Średni wynik to 6 z 13

Odpowiedzi na mapie

Odpowiedzi skodowane kolorowo w zielono-czerwonej skali na mapie do tego quizu, zgodnie z poniższymi procentami.
 

Statystyki odpowiedzi

Prowincja / TerytoriumMiasto% Poprawnych
OntarioToronto
94%
Kolumbia BrytyjskaVancouver
90%
QuebecMontreal
86%
AlbertaCalgary
65%
ManitobaWinnipeg
47%
Nowa SzkocjaHalifax
34%
SaskatchewanSaskatoon
32%
Nowy BrunszwikSaint John
29%
Terytoria Północno-ZachodnieYellowknife
24%
JukonWhitehorse
23%
Nowa Fundlandia i LabradorSt. John's
18%
Wyspa Księcia EdwardaCharlottetown
14%
NunavutIqaluit
9%

Rozkład punktacji

Percentyl według liczby udzielonych odpowiedzi

Procent ludzi z każdym wynikiem

Twoja historia wyników

Nie rozwiązałeś tego quizu